000
00209 a2200097 4500
001
3963
100
_a
Bartee,T.C
245
_a
Digital computer fundamentals
260
_a
_b
Mcgrawhill
_c
090
_c
3192
_d
3192
942
_a
NUST-CAE
_c
M
_c
24358
999
_c
239036
_d
239036